[Event "Moscow op-A 20th"]
[Site "Moscow"]
[Date "2024.07.17"]
[Round "2"]
[White "Popov, Konstantin"]
[Black "Mishin, Alexei"]
[Result "1-0"]
[WhiteElo "2386"]
[BlackElo "2025"]
[PlyCount "89"]
[EventDate "2024.07.16"]
[EventType "swiss"]
[EventRounds "9"]
[EventCountry "RUS"]
[SourceTitle "CBM 221 Extra"]
[Source "ChessBase"]
[SourceDate "2024.09.30"]
[SourceVersion "1"]
[SourceVersionDate "2024.09.30"]
[SourceQuality "1"]

1. e4 c5 2. Nf3 d6 3. d4 Nf6 4. dxc5 Nxe4 5. Bb5+ Bd7 6. Bxd7+ Qxd7 7. cxd6 Nxd6 8. 0-0 Nc6 9. Nc3 e6 10. Bf4 Be7 11. Qe2 Rd8 12. a4 0-0 13. Rfd1 Qc8 14. Nb5 Nf5 15. g4 Nh4 16. Nxh4 Bxh4 17. Bd6 Rfe8 18. Bc5 b6 19. Nd6 Qb8 20. Ba3 Re7 21. Rd3 Red7 22. Rad1 Be7 23. Nxf7 Rxd3 24. Rxd3 Rxd3 25. cxd3 Nd4 26. Qe4 Bf6 27. Nd6 h6 28. Kg2 Qc7 29. Nb5 Qd7 30. Nxd4 Bxd4 31. f4 Kf7 32. b3 a6 33. Kf3 b5 34. axb5 axb5 35. f5 e5 36. Qa8 Bc5 37. Bxc5 Qxd3+ 38. Be3 Qd1+ 39. Kg3 Qxb3 40. Qb7+ Kg8 41. Qb8+ Kh7 42. Qxe5 b4 43. Kh4 Qf7 44. Bd4 b3 45. Kg3 1-0

[Event "Moscow op-A 19th"]
[Site "Moscow"]
[Date "2023.07.18"]
[Round "2"]
[White "Mishin, Alexei"]
[Black "Iljiushenok, Ilia"]
[Result "0-1"]
[WhiteElo "2093"]
[BlackElo "2555"]
[PlyCount "70"]
[EventDate "2023.07.17"]
[EventType "swiss"]
[EventRounds "9"]
[EventCountry "RUS"]
[SourceTitle "CBM 215 Extra"]
[Source "ChessBase"]
[SourceDate "2023.09.30"]
[SourceVersion "1"]
[SourceVersionDate "2023.09.30"]
[SourceQuality "1"]

1. Nf3 Nf6 2. c4 e6 3. Nc3 d5 4. d4 dxc4 5. e3 a6 6. Bxc4 b5 7. Bd3 Bb7 8. a3 Nbd7 9. b4 Bd6 10. e4 e5 11. d5 0-0 12. 0-0 Re8 13. Nd2 c6 14. dxc6 Bxc6 15. Nb3 Rc8 16. Qe2 Nf8 17. Rd1 Ne6 18. Nd5 Bxd5 19. exd5 Nd4 20. Nxd4 exd4 21. Qf3 Nxd5 22. Bd2 Nb6 23. Re1 Nc4 24. Rxe8+ Qxe8 25. Re1 Qc6 26. Qh3 g6 27. Bg5 Re8 28. Rc1 Qd5 29. Bf6 Be5 30. Re1 Bxh2+ 31. Kxh2 Qd6+ 32. g3 Rxe1 33. Qc8+ Qf8 34. Qxa6 Re6 35. Qxb5 Rxf6 0-1

[Event "Bryansk Zilberstein Memorial 5th"]
[Site "Bryansk"]
[Date "2021.07.29"]
[Round "3"]
[White "Tomashevsky, Evgeny"]
[Black "Mishin, Alexei"]
[Result "1-0"]
[WhiteElo "2706"]
[BlackElo "2172"]
[PlyCount "51"]
[EventDate "2021.07.29"]
[EventType "swiss (rapid)"]
[EventRounds "11"]
[EventCountry "RUS"]
[SourceTitle "CBM 203 Extra"]
[Source "ChessBase"]
[SourceDate "2021.09.30"]
[SourceVersion "1"]
[SourceVersionDate "2021.09.30"]
[SourceQuality "1"]

1. d4 Nf6 2. Nf3 c5 3. d5 b5 4. Bg5 g6 5. Bxf6 exf6 6. e4 a6 7. a4 b4 8. Nbd2 d6 9. Bd3 Nd7 10. a5 Bg7 11. Nc4 Ne5 12. Nfxe5 fxe5 13. Nb6 Ra7 14. c3 bxc3 15. bxc3 0-0 16. 0-0 f5 17. Rb1 c4 18. Nxc4 Rc7 19. Qe2 fxe4 20. Bxe4 Bd7 21. Nxd6 Rxc3 22. Qxa6 Rf6 23. Rb6 Ra3 24. Nc4 Ra4 25. Rfb1 Rxb6 26. Qxb6 1-0

[Event "EU-ch Online U2300 Qual"]
[Site "Chess.com INT"]
[Date "2020.05.25"]
[Round "4"]
[White "Gabriel, Josef"]
[Black "Mishin, Alexei"]
[Result "0-1"]
[WhiteElo "2046"]
[BlackElo "2206"]
[PlyCount "126"]
[EventDate "2020.05.25"]
[EventType "swiss"]
[EventRounds "8"]
[EventCountry "NET"]
[SourceTitle "EXT 2021"]
[Source "ChessBase"]
[SourceDate "2020.10.23"]
[SourceVersion "1"]
[SourceVersionDate "2020.10.23"]
[SourceQuality "1"]

1. e4 e5 2. Bc4 Nf6 3. d3 c6 4. Bb3 d5 5. Qe2 Bd6 6. Nf3 0-0 7. 0-0 Qc7 8. Nc3 d4 9. Nb1 a5 10. a3 Nbd7 11. c3 Nc5 12. Bc2 dxc3 13. bxc3 b6 14. Nbd2 Ba6 15. Nc4 Rad8 16. Rd1 Bxc4 17. dxc4 Ne6 18. g3 Bc5 19. Bg5 Rxd1+ 20. Rxd1 Ng4 21. Rf1 h6 22. Bc1 Rd8 23. h3 Nf6 24. Nh4 Kh7 25. Nf5 Ng8 26. Kg2 g6 27. Ne3 Nf6 28. Ng4 Nxg4 29. hxg4 Qe7 30. Rh1 g5 31. Qf3 Kg7 32. Qf5 Nf8 33. f4 Nh7 34. fxe5 Bxa3 35. Be3 Bc5 36. Bc1 Re8 37. e6 fxe6 38. Qe5+ Qf6 39. Qxf6+ Nxf6 40. e5 Nxg4 41. Kf3 Nxe5+ 42. Ke4 Nxc4 43. Bb3 Nd6+ 44. Kd3 Rf8 45. Bxe6 Rf3+ 46. Kc2 Ne4 47. Bb2 Rf2+ 48. Kb1 Nxg3 49. Rd1 Kf6 50. Bg4 Rf1 51. c4+ Kg6 52. Rxf1 Nxf1 53. Bd7 Nd2+ 54. Kc2 Nxc4 55. Be8+ Kf5 56. Bg7 g4 57. Bxh6 g3 58. Bxc6 Ne3+ 59. Bxe3 Bxe3 60. Kd3 Kf4 61. Kc4 Bc5 62. Kd3 a4 63. Ke2 a3 0-1

[Event "EU-ch Online U2300 Qual"]
[Site "Chess.com INT"]
[Date "2020.05.25"]
[Round "7"]
[White "Mishin, Alexei"]
[Black "Usanov, Maxim"]
[Result "1-0"]
[WhiteElo "2206"]
[BlackElo "2093"]
[PlyCount "97"]
[EventDate "2020.05.25"]
[EventType "swiss"]
[EventRounds "8"]
[EventCountry "NET"]
[SourceTitle "EXT 2021"]
[Source "ChessBase"]
[SourceDate "2020.10.23"]
[SourceVersion "1"]
[SourceVersionDate "2020.10.23"]
[SourceQuality "1"]

1. e4 c5 2. c3 Nf6 3. e5 Nd5 4. Nf3 Nc6 5. Bc4 Nb6 6. Bb3 c4 7. Bc2 d6 8. exd6 Qxd6 9. d4 cxd3 10. Bxd3 Bg4 11. Na3 0-0-0 12. Be2 Qg6 13. Qc2 Bf5 14. Qb3 Be6 15. Qb5 Rd5 16. Qb3 Na5 17. Qb4 Nc6 18. Qf4 Bd7 19. 0-0 e5 20. Qg3 f5 21. Qxg6 hxg6 22. Nc4 e4 23. Nxb6+ axb6 24. Ng5 Ne5 25. Be3 Bc5 26. c4 Rd6 27. Bf4 Re8 28. Bxe5 Rxe5 29. Nf7 Re7 30. Nxd6+ Bxd6 31. a3 f4 32. b4 Bf5 33. Rad1 Be5 34. h3 Bb2 35. Rb1 Be5 36. Bg4 Kc7 37. Bxf5 gxf5 38. Rfd1 g5 39. Rd5 g4 40. Rbd1 g3 41. f3 e3 42. Kf1 Bb2 43. Ke2 Bxa3 44. Rb1 b5 45. Rxb5 Rd7 46. Rd5 Rxd5 47. cxd5 Kd6 48. Kd1 Kxd5 49. Rb3 1-0

[Event "EU-ch Online U2300 Qual"]
[Site "Chess.com INT"]
[Date "2020.05.25"]
[Round "6"]
[White "Pavlidis, Anastasios"]
[Black "Mishin, Alexei"]
[Result "0-1"]
[WhiteElo "2333"]
[BlackElo "2206"]
[PlyCount "116"]
[EventDate "2020.05.25"]
[EventType "swiss"]
[EventRounds "8"]
[EventCountry "NET"]
[SourceTitle "EXT 2021"]
[Source "ChessBase"]
[SourceDate "2020.10.23"]
[SourceVersion "1"]
[SourceVersionDate "2020.10.23"]
[SourceQuality "1"]

1. d4 d6 2. e4 Nf6 3. Nc3 c6 4. Nf3 b5 5. a3 a5 6. Bd3 Na6 7. 0-0 b4 8. axb4 Nxb4 9. Bc4 d5 10. exd5 cxd5 11. Bb5+ Bd7 12. Bf4 e6 13. Ne5 Bxb5 14. Nxb5 Be7 15. c3 Qb6 16. Qa4 0-0 17. cxb4 Bxb4 18. Nc3 Qxd4 19. Bg3 Bxc3 20. bxc3 Qxc3 21. Nc6 h6 22. Be5 Qd3 23. Qf4 Ne4 24. Rfd1 Qe2 25. Re1 Qh5 26. Re3 f6 27. Bd6 Rfe8 28. f3 e5 29. Qg4 Qxg4 30. fxg4 Nxd6 31. Rxa5 Rxa5 32. Nxa5 Nc4 33. Nxc4 dxc4 34. Rc3 Rc8 35. Kf2 Kf7 36. Ke3 Ke6 37. Ke4 g6 38. h3 f5+ 39. Ke3 Kd5 40. Rc1 f4+ 41. Kf3 c3 42. Rd1+ Kc4 43. Ke4 Rc5 44. Rc1 Kb3 45. Rb1+ Ka2 46. Re1 c2 47. h4 Kb2 48. Re2 Kb1 49. g3 fxg3 50. h5 gxh5 51. g5 hxg5 52. Kd3 c1Q 53. Re1 Rd5+ 54. Ke2 Rd2+ 55. Kf3 Rf2+ 56. Kxg3 Qxe1 57. Kh3 Qh1+ 58. Kg3 Qh2# 0-1

[Event "EU-ch Online U2300 Qual"]
[Site "Chess.com INT"]
[Date "2020.05.25"]
[Round "3"]
[White "Vujacic, Igor"]
[Black "Mishin, Alexei"]
[Result "1-0"]
[WhiteElo "2207"]
[BlackElo "2206"]
[PlyCount "69"]
[EventDate "2020.05.25"]
[EventType "swiss"]
[EventRounds "8"]
[EventCountry "NET"]
[SourceTitle "EXT 2021"]
[Source "ChessBase"]
[SourceDate "2020.10.23"]
[SourceVersion "1"]
[SourceVersionDate "2020.10.23"]
[SourceQuality "1"]

1. e4 e5 2. Nf3 Nf6 3. Nxe5 d6 4. Nf3 Nxe4 5. Nc3 Nxc3 6. dxc3 Be7 7. Be3 Nc6 8. Qd2 Be6 9. 0-0-0 Qd7 10. Bd3 0-0-0 11. Kb1 Kb8 12. c4 Ne5 13. Nd4 Bxc4 14. Bf5 Be6 15. Nxe6 fxe6 16. Bh3 Bf6 17. Bd4 Rhe8 18. Rhe1 Qb5 19. Bxe5 Bxe5 20. c4 Qc5 21. b4 Qxc4 22. Rxe5 c5 23. Re3 cxb4 24. Qd4 b5 25. Bxe6 Qxd4 26. Rxd4 a5 27. f4 Re7 28. f5 Kc7 29. Rg4 d5 30. Rd3 Kc6 31. Rgd4 Rd6 32. Rxd5 Rexe6 33. fxe6 Rxd5 34. Rxd5 Kxd5 35. e7 1-0

[Event "Sochi ChessAmateur op10"]
[Site "Sochi"]
[Date "2018.10.18"]
[Round "9"]
[White "Mishin, Alexei"]
[Black "Bykova, Anastasia"]
[Result "1-0"]
[WhiteElo "2216"]
[BlackElo "2168"]
[PlyCount "83"]
[EventDate "2018.10.12"]
[EventType "swiss"]
[EventRounds "9"]
[EventCountry "RUS"]
[SourceTitle "CBM 187 Extra"]
[Source "ChessBase"]
[SourceDate "2018.11.04"]
[SourceVersion "1"]
[SourceVersionDate "2018.11.04"]
[SourceQuality "1"]

1. c4 c6 2. e4 d5 3. exd5 cxd5 4. cxd5 Nf6 5. Nc3 Nxd5 6. Bc4 e6 7. Nf3 Nxc3 8. bxc3 Qc7 9. Bb3 Bd6 10. 0-0 Nd7 11. Bb2 b6 12. a4 Ba6 13. Re1 Nc5 14. Bd5 Rd8 15. c4 0-0 16. Be4 f5 17. Bc2 Bxc4 18. Rc1 Qf7 19. Ne5 Bxe5 20. Bxe5 Bd5 21. Re3 Qb7 22. Rg3 Rf7 23. Qh5 Nd7 24. Bxg7 Rxg7 25. Rxg7+ Kxg7 26. Qg5+ Kf7 27. Qxd8 Qc6 28. Qg5 Bb3 29. Qxf5+ exf5 30. Bxb3+ Qe6 31. Bxe6+ Kxe6 32. Rc6+ Ke7 33. Rh6 Nf6 34. Kf1 a6 35. Ke2 b5 36. axb5 axb5 37. f3 Ke6 38. Kd3 Ke5 39. f4+ Ke6 40. Kd4 Kf7 41. Rxf6+ Kxf6 42. Kc5 1-0

[Event "St Petersburg Summer op"]
[Site "St Petersburg"]
[Date "2017.08.23"]
[Round "8"]
[White "Mishin, Alexei"]
[Black "Zemnitskiy, Alexander"]
[Result "1/2-1/2"]
[WhiteElo "2278"]
[BlackElo "1990"]
[PlyCount "90"]
[EventDate "2017.08.16"]
[EventType "swiss"]
[EventRounds "9"]
[EventCountry "RUS"]
[SourceTitle "CBM 180 Extra"]
[Source "ChessBase"]
[SourceDate "2017.10.06"]
[SourceVersion "1"]
[SourceVersionDate "2017.10.06"]
[SourceQuality "1"]

1. e4 c5 2. c3 Nf6 3. e5 Nd5 4. Nf3 e6 5. d4 cxd4 6. cxd4 d6 7. Nc3 Nc6 8. exd6 Bxd6 9. Bd3 0-0 10. 0-0 h6 11. a3 Nf6 12. Qe2 e5 13. dxe5 Re8 14. Ne4 Nxe5 15. Nxd6 Qxd6 16. Nxe5 Rxe5 17. Qf3 Bg4 18. Qg3 Rd5 19. Bc4 Qxg3 20. fxg3 Rd4 21. b3 Re8 22. Bb2 Rd6 23. Rae1 Rxe1 24. Rxe1 Be6 25. Be5 Rc6 26. Bb5 Rc5 27. a4 a6 28. Bxf6 gxf6 29. Bc4 Bxc4 30. Rc1 b5 31. axb5 axb5 32. bxc4 bxc4 33. Kf2 Kg7 34. Ke3 Re5+ 35. Kf3 Rc5 36. Ke3 Re5+ 37. Kf3 Rf5+ 38. Ke3 Re5+ 39. Kf3 Rc5 40. Rc2 f5 41. Ke3 Re5+ 42. Kf4 Rc5 43. Ke3 Re5+ 44. Kf4 Rc5 45. Ke3 Re5+ 1/2-1/2

[Event "St Petersburg Summer op"]
[Site "St Petersburg"]
[Date "2017.08.22"]
[Round "7"]
[White "Pshmahov, Osman"]
[Black "Mishin, Alexei"]
[Result "0-1"]
[WhiteElo "2102"]
[BlackElo "2278"]
[PlyCount "96"]
[EventDate "2017.08.16"]
[EventType "swiss"]
[EventRounds "9"]
[EventCountry "RUS"]
[SourceTitle "CBM 180 Extra"]
[Source "ChessBase"]
[SourceDate "2017.10.06"]
[SourceVersion "1"]
[SourceVersionDate "2017.10.06"]
[SourceQuality "1"]

1. d4 Nf6 2. c4 e6 3. Nc3 Bb4 4. e3 d5 5. cxd5 exd5 6. Bd3 0-0 7. Nge2 c5 8. 0-0 Nc6 9. a3 cxd4 10. exd4 Bd6 11. Bf4 Bxf4 12. Nxf4 Qd6 13. Qd2 Na5 14. Rae1 Nb3 15. Qe3 Ng4 16. Qg3 Nd2 17. Bxh7+ Kxh7 18. Qd3+ Ne4 19. f3 Qxf4 20. fxg4 Qd2 21. Qh3+ Kg8 22. Nxe4 dxe4 23. Rxe4 Bd7 24. Qb3 Bc6 25. Rf2 Qd1+ 26. Rf1 Qxf1+ 27. Kxf1 Bxe4 28. d5 b6 29. d6 Rad8 30. Qc4 Rfe8 31. Qc7 Bd3+ 32. Kf2 Bb5 33. a4 Rd7 34. Qc1 Bxa4 35. g5 Bb5 36. g6 fxg6 37. Qg5 Re2+ 38. Kf3 Rf7+ 39. Kg3 Bc6 40. Qd8+ Rf8 41. Qc7 Rxg2+ 42. Kh3 Rc2 43. Qe7 Rf3+ 44. Kh4 Rxh2+ 45. Kg5 Rg2+ 46. Kh4 g5+ 47. Kh5 Kh7 48. Qe6 Rh3+ 0-1

[Event "St Petersburg Summer op"]
[Site "St Petersburg"]
[Date "2017.08.19"]
[Round "4"]
[White "Mishin, Alexei"]
[Black "Mokshanov, Alexey"]
[Result "0-1"]
[WhiteElo "2278"]
[BlackElo "2405"]
[PlyCount "74"]
[EventDate "2017.08.16"]
[EventType "swiss"]
[EventRounds "9"]
[EventCountry "RUS"]
[SourceTitle "CBM 180 Extra"]
[Source "ChessBase"]
[SourceDate "2017.10.06"]
[SourceVersion "1"]
[SourceVersionDate "2017.10.06"]
[SourceQuality "1"]

1. e4 e6 2. d4 d5 3. exd5 exd5 4. Bd3 Bd6 5. Nc3 c6 6. Qf3 Qf6 7. Qxf6 Nxf6 8. Bg5 Nbd7 9. Nf3 Nh5 10. 0-0-0 f6 11. Bd2 Nf4 12. Rhe1+ Kf7 13. Bf1 Nf8 14. h3 g5 15. a3 N8g6 16. Ne2 h5 17. Nxf4 Nxf4 18. Bb4 Bxb4 19. axb4 g4 20. Nh4 gxh3 21. g3 Ng6 22. Nxg6 Kxg6 23. Re7 Bf5 24. Rde1 h4 25. g4 Bxg4 26. Bd3+ f5 27. Kd2 Kg5 28. R7e5 Kf4 29. f3 Rae8 30. fxg4 Rxe5 31. Rf1+ Kg3 32. dxe5 fxg4 33. Bf5 h2 34. e6 Kg2 35. Ke2 h1Q 36. Rxh1 Kxh1 37. Bxg4 Kg2 0-1

[Event "St Petersburg Summer op"]
[Site "St Petersburg"]
[Date "2017.08.16"]
[Round "1"]
[White "Rykov, Ivan1"]
[Black "Mishin, Alexei"]
[Result "0-1"]
[WhiteElo "1846"]
[BlackElo "2278"]
[PlyCount "80"]
[EventDate "2017.08.16"]
[EventType "swiss"]
[EventRounds "9"]
[EventCountry "RUS"]
[SourceTitle "CBM 180 Extra"]
[Source "ChessBase"]
[SourceDate "2017.10.06"]
[SourceVersion "1"]
[SourceVersionDate "2017.10.06"]
[SourceQuality "1"]

1. d4 d6 2. c4 e5 3. Nc3 exd4 4. Qxd4 Nf6 5. Nf3 Nc6 6. Qd1 g6 7. g3 Bg7 8. Bg2 0-0 9. 0-0 Re8 10. Re1 Bf5 11. Qb3 Rb8 12. Bd2 Qd7 13. Rad1 h6 14. c5 d5 15. Be3 Na5 16. Qb5 Nc4 17. Qxd7 Bxd7 18. Bf4 Nxb2 19. Rb1 Nh5 20. Nxd5 Nxf4 21. Nxf4 Bf5 22. Rbc1 Rbd8 23. Nh4 Be4 24. Bxe4 Rxe4 25. Nf3 Ra4 26. Rc2 Nd1 27. c6 b5 28. Nd3 Nc3 29. Nde5 Nxa2 30. Rb1 b4 31. Nd3 a5 32. Nc5 Ra3 33. Nb7 Rd5 34. e4 Rdd3 35. Ne1 Rd4 36. Rc5 Nc3 37. Rxc3 Rxc3 38. Nxa5 Rxe4 39. Ng2 Re5 40. Nb7 Rxc6 0-1

[Event "Pardubice Czech op-A 25th"]
[Site "Pardubice"]
[Date "2014.07.26"]
[Round "9"]
[White "Novotny, Michal"]
[Black "Mishin, Alexei"]
[Result "0-1"]
[WhiteElo "2354"]
[BlackElo "2228"]
[PlyCount "82"]
[EventDate "2014.07.18"]
[EventType "swiss"]
[EventRounds "9"]
[EventCountry "CZE"]
[SourceTitle "CBM 161 Extra"]
[Source "ChessBase"]
[SourceDate "2014.08.29"]
[SourceVersion "1"]
[SourceVersionDate "2014.08.29"]
[SourceQuality "1"]

1. e4 c5 2. Nf3 g6 3. Bc4 Bg7 4. 0-0 Nc6 5. Re1 e6 6. c3 Nge7 7. Bf1 d5 8. e5 d4 9. d3 h6 10. Nbd2 Qc7 11. Nc4 g5 12. Re4 Ng6 13. cxd4 Nxd4 14. Nxd4 cxd4 15. Qe1 0-0 16. Bd2 b5 17. Nd6 Bd7 18. Ba5 Qb8 19. Rc1 a6 20. Rc7 Ra7 21. Rxa7 Qxa7 22. Re2 Qc5 23. Bb4 Qd5 24. Ne4 Rc8 25. Nf6+ Bxf6 26. exf6 e5 27. b3 Bf5 28. Qd1 Rc6 29. g3 Bg4 30. Bg2 Bf3 31. Bxf3 Qxf3 32. Be7 Rc3 33. Rd2 Qc6 34. Qh5 a5 35. f3 Kh7 36. h4 gxh4 37. gxh4 Rxd3 38. Rxd3 Qc1+ 39. Kf2 Qc2+ 40. Kg3 Qxd3 41. Bf8 Qe3 0-1

[Event "Pushkino op"]
[Site "Pushkino"]
[Date "2012.01.12"]
[Round "4"]
[White "Mishin, Alexei"]
[Black "Ofitserian, Boris"]
[Result "1/2-1/2"]
[WhiteElo "2227"]
[BlackElo "2060"]
[PlyCount "106"]
[EventDate "2012.01.11"]
[EventType "swiss"]
[EventRounds "9"]
[EventCountry "RUS"]
[SourceTitle "EXT 2014"]
[Source "ChessBase"]
[SourceDate "2013.11.20"]
[SourceVersion "1"]
[SourceVersionDate "2013.11.20"]
[SourceQuality "1"]

1. d4 Nf6 2. Nf3 g6 3. c4 Bg7 4. Nc3 0-0 5. Bg5 d6 6. e3 Nbd7 7. Qc2 a5 8. Rd1 c5 9. Be2 b6 10. 0-0 Bb7 11. d5 Ne8 12. e4 Nc7 13. Nd2 f6 14. Be3 Qe8 15. f4 Rd8 16. h4 Bh6 17. Nf3 Ne5 18. Nh2 e6 19. dxe6 Qxe6 20. Nd5 Bxd5 21. cxd5 Qe7 22. Bd2 Nd7 23. h5 f5 24. hxg6 hxg6 25. Bd3 Qf7 26. Rde1 Rde8 27. g4 Bg7 28. exf5 Bd4+ 29. Kg2 Qxd5+ 30. Nf3 b5 31. Bxa5 gxf5 32. Bxf5 Ne6 33. Re4 Rxf5 34. gxf5 Qxf5 35. Nxd4 cxd4 36. Qd3 Nf6 37. Qg3+ Kf7 38. Re5 Nxf4+ 39. Rxf4 Qxe5 40. Qh4 Rg8+ 41. Kf1 Rh8 42. Qf2 Rh1+ 43. Kg2 Qd5+ 44. Qf3 Qxf3+ 45. Rxf3 Rb1 46. Bd8 Rxb2+ 47. Kf1 Rxa2 48. Rxf6+ Ke8 49. Rxd6 b4 50. Bf6 b3 51. Bxd4 b2 52. Re6+ Kd7 53. Re1 Ra1 1/2-1/2

[Event "Kimry-ch 60th"]
[Site "Kimry"]
[Date "2012.01.06"]
[Round "8"]
[White "Mishin, Alexei"]
[Black "Krylov, Ivan"]
[Result "1-0"]
[WhiteElo "2227"]
[BlackElo "2133"]
[PlyCount "37"]
[EventDate "2012.01.02"]
[EventType "swiss"]
[EventRounds "9"]
[EventCountry "RUS"]
[SourceTitle "CBM 146 Extra"]
[Source "ChessBase"]
[SourceDate "2012.02.29"]
[SourceVersion "1"]
[SourceVersionDate "2012.02.29"]
[SourceQuality "1"]

1. d4 e6 2. Nf3 Nf6 3. g3 d5 4. Bg2 Be7 5. c4 0-0 6. 0-0 dxc4 7. Qc2 a6 8. Qxc4 b5 9. Qc2 Bb7 10. Bd2 Be4 11. Qc1 Nbd7 12. Ba5 Nb6 13. Nbd2 Bd5 14. Qc2 Nc4 15. Nxc4 bxc4 16. Rfe1 Ne4 17. Ne5 Nxf2 18. e4 Bb7 19. Qxf2 1-0

[Event "Kimry-ch 60th"]
[Site "Kimry"]
[Date "2012.01.03"]
[Round "2"]
[White "Mishin, Alexei"]
[Black "Markevich, Arseniy"]
[Result "1-0"]
[WhiteElo "2227"]
[BlackElo "2037"]
[PlyCount "75"]
[EventDate "2012.01.02"]
[EventType "swiss"]
[EventRounds "9"]
[EventCountry "RUS"]
[SourceTitle "CBM 146 Extra"]
[Source "ChessBase"]
[SourceDate "2012.02.29"]
[SourceVersion "1"]
[SourceVersionDate "2012.02.29"]
[SourceQuality "1"]

1. e4 e6 2. d4 d5 3. e5 c5 4. Nf3 Nc6 5. Bd3 Qa5+ 6. Nbd2 c4 7. Be2 b5 8. 0-0 Nge7 9. c3 Bd7 10. Qc2 Nf5 11. g4 Nfe7 12. Ng5 h6 13. Nh7 0-0-0 14. b3 Ng6 15. Nxf8 Rdxf8 16. a4 Nf4 17. Bf3 h5 18. Ba3 hxg4 19. Bxg4 cxb3 20. Nxb3 Qd8 21. f3 bxa4 22. Nc5 Rfg8 23. Bc1 Qg5 24. Kh1 Rh4 25. Nd3 f5 26. exf6 e5 27. dxe5 Bxg4 28. fxg4 Nxe5 29. Bxf4 Qg6 30. Qe2 gxf6 31. Nxe5 fxe5 32. Qxe5 Qe4+ 33. Qxe4 dxe4 34. Rxa4 e3 35. Rxa7 e2 36. Rb1 e1R+ 37. Rxe1 Rhxg4 38. Bg3 1-0

[Event "Kimry-ch 60th"]
[Site "Kimry"]
[Date "2012.01.02"]
[Round "1"]
[White "Makhnev, Yuri"]
[Black "Mishin, Alexei"]
[Result "0-1"]
[WhiteElo "1885"]
[BlackElo "2227"]
[PlyCount "40"]
[EventDate "2012.01.02"]
[EventType "swiss"]
[EventRounds "9"]
[EventCountry "RUS"]
[SourceTitle "CBM 146 Extra"]
[Source "ChessBase"]
[SourceDate "2012.02.29"]
[SourceVersion "1"]
[SourceVersionDate "2012.02.29"]
[SourceQuality "1"]

1. e4 c5 2. Nf3 g6 3. d4 Bg7 4. c3 cxd4 5. Nxd4 Nc6 6. Be3 Nf6 7. Nd2 0-0 8. Be2 d5 9. Qc2 e5 10. N4b3 b6 11. 0-0 Bb7 12. Bf3 Rc8 13. Qd3 dxe4 14. Qxd8 Rfxd8 15. Nxe4 Nd5 16. Rad1 Nxe3 17. fxe3 Bf8 18. Nf6+ Kh8 19. Nd7 Bg7 20. Be2 f5 0-1

[Event "Kstovo Chess Hopes op"]
[Site "Kstovo"]
[Date "2011.06.26"]
[Round "9"]
[White "Shilnikov, Igor S"]
[Black "Mishin, Alexei"]
[Result "0-1"]
[WhiteElo "1901"]
[BlackElo "2273"]
[PlyCount "58"]
[EventDate "2011.06.18"]
[EventType "swiss"]
[EventRounds "9"]
[EventCountry "RUS"]
[SourceTitle "EXT 2012"]
[Source "ChessBase"]
[SourceDate "2011.11.24"]
[SourceVersion "1"]
[SourceVersionDate "2011.11.24"]
[SourceQuality "1"]

1. d4 Nf6 2. Nf3 c5 3. e3 d5 4. c4 cxd4 5. Nxd4 e5 6. Nf3 Nc6 7. cxd5 Qxd5 8. Qxd5 Nxd5 9. Bc4 Ndb4 10. Na3 Bf5 11. 0-0 f6 12. Bd2 Nd3 13. Nb5 0-0-0 14. Bc3 a6 15. Na3 b5 16. Bxd3 Bxd3 17. Rfc1 Kb7 18. Nc2 b4 19. Be1 a5 20. b3 Rc8 21. Bd2 Be7 22. a3 Bxc2 23. Rxc2 bxa3 24. Be1 Nb4 25. Rc4 Nc2 26. Ra2 Nxe1 27. Nxe1 Rxc4 28. bxc4 Bb4 29. Nd3 Rd8 0-1

[Event "Kstovo Chess Hopes op"]
[Site "Kstovo"]
[Date "2011.06.24"]
[Round "7"]
[White "Mishin, Alexei"]
[Black "Demidov, Daniil"]
[Result "1-0"]
[WhiteElo "2273"]
[BlackElo "1910"]
[PlyCount "45"]
[EventDate "2011.06.18"]
[EventType "swiss"]
[EventRounds "9"]
[EventCountry "RUS"]
[SourceTitle "EXT 2012"]
[Source "ChessBase"]
[SourceDate "2011.11.24"]
[SourceVersion "1"]
[SourceVersionDate "2011.11.24"]
[SourceQuality "1"]

1. e4 e6 2. d4 d5 3. e5 c5 4. Nf3 cxd4 5. Bd3 Nc6 6. 0-0 Bc5 7. a3 a5 8. Re1 Nge7 9. Ng5 h6 10. Qh5 0-0 11. Nh7 Ng6 12. Nxf8 Qxf8 13. f4 Nge7 14. g4 b6 15. Nd2 Ba6 16. Nf3 Bxd3 17. cxd3 f6 18. exf6 Qxf6 19. Ne5 Nxe5 20. Qxe5 Qh4 21. Qxe6+ Kh8 22. Kg2 Rc8 23. Bd2 1-0

[Event "Vladimir Region-ch op"]
[Site "Suzdal"]
[Date "2010.12.14"]
[Round "8"]
[White "Egorshev, Viktor"]
[Black "Mishin, Alexei"]
[Result "0-1"]
[WhiteElo "2238"]
[BlackElo "2265"]
[PlyCount "64"]
[EventDate "2010.12.10"]
[EventType "swiss"]
[EventRounds "9"]
[EventCountry "RUS"]
[SourceTitle "EXT 2023"]
[Source "ChessBase"]
[SourceDate "2022.10.05"]
[SourceVersion "1"]
[SourceVersionDate "2022.10.05"]
[SourceQuality "1"]

1. e4 e5 2. Nf3 Nc6 3. Bb5 Nf6 4. Qe2 Bd6 5. c3 0-0 6. d3 Ne7 7. Bg5 Ng6 8. Nh4 h6 9. Nxg6 fxg6 10. Bc4+ Kh7 11. Be3 Be7 12. f3 d5 13. Bb3 d4 14. Bf2 Nh5 15. g3 Bh3 16. Rg1 c5 17. cxd4 cxd4 18. Nd2 Rc8 19. Kd1 Qc7 20. Be1 Bg5 21. f4 Bxf4 22. gxf4 Nxf4 23. Qf3 Be6 24. Nc4 Nh3 25. Qg3 Nxg1 26. Qxg1 Rf3 27. Ke2 Rxd3 28. Ba5 Qc6 29. Qxg6+ Kxg6 30. Nxe5+ Kh7 31. Nxc6 Re3+ 32. Kd2 Rxc6 0-1

[Event "Vladimir Region-ch op"]
[Site "Suzdal"]
[Date "2010.12.13"]
[Round "6"]
[White "Mishin, Alexei"]
[Black "Nikologorskiy, Konstantin"]
[Result "0-1"]
[WhiteElo "2265"]
[BlackElo "2144"]
[PlyCount "166"]
[EventDate "2010.12.10"]
[EventType "swiss"]
[EventRounds "9"]
[EventCountry "RUS"]
[SourceTitle "EXT 2023"]
[Source "ChessBase"]
[SourceDate "2022.10.05"]
[SourceVersion "1"]
[SourceVersionDate "2022.10.05"]
[SourceQuality "1"]

1. c4 c6 2. e4 d5 3. cxd5 cxd5 4. exd5 Nf6 5. Bb5+ Nbd7 6. Nc3 a6 7. Qa4 g6 8. Nf3 Bg7 9. 0-0 0-0 10. Bxd7 Nxd7 11. d4 b5 12. Qb3 Nb6 13. Re1 Bb7 14. Bg5 Re8 15. Qb4 Bf8 16. a4 Nxd5 17. Nxd5 Bxd5 18. axb5 Bxf3 19. gxf3 Qd5 20. Qc5 Qxf3 21. Re3 Qg4+ 22. Rg3 Qe2 23. Rxa6 Qe1+ 24. Kg2 Qe4+ 25. Kg1 Rec8 26. Qe5 Qb1+ 27. Kg2 Rxa6 28. bxa6 Qxb2 29. Qd5 Bg7 30. Qb7 Rb8 31. Qxb2 Rxb2 32. a7 Ra2 33. Rb3 h6 34. Rb8+ Kh7 35. a8Q Rxa8 36. Rxa8 hxg5 37. d5 Be5 38. h3 Kg7 39. Kf3 Bf4 40. Kg4 Bd2 41. Ra2 Bf4 42. Re2 f5+ 43. Kf3 Bd6 44. Ke3 Kh6 45. Kd3 Kh5 46. Re6 g4 47. hxg4+ Kxg4 48. Rxg6+ Kf3 49. Rg5 f4 50. Rh5 Kxf2 51. Ke4 Kg3 52. Rh7 Kg2 53. Rh8 Kg3 54. Rg8+ Kf2 55. Rg7 Ke2 56. Rg2+ Kf1 57. Rc2 Ke1 58. Kf3 Kd1 59. Re2 Kc1 60. Ke4 Kd1 61. Kd3 Bc5 62. Ra2 Ke1 63. Ke4 Bd6 64. Kd4 Kf1 65. Rc2 Kg1 66. Ke4 Kf1 67. Kf3 Ke1 68. Rf2 Kd1 69. Ke4 Ke1 70. Ra2 Kd1 71. Ra6 Ke2 72. Rb6 Kd2 73. Rb3 Ke2 74. Rd3 Bc7 75. Rb3 Bd6 76. Rb2+ Kd1 77. Kd4 Ke1 78. Kd3 Kf1 79. Re2 f3 80. Rc2 f2 81. Rc1+ Kg2 82. Ke2 Bb4 83. Rf1 Be1 0-1